| 000 | 00486cam a2200181ua 4500 | ||
|---|---|---|---|
| 001 | 5055 | ||
| 008 | 120816n enk |||gr||||Z||||||eng | ||
| 020 | _a97818441330443 | ||
| 020 | _a184413044-4 | ||
| 040 | _cMAIN | ||
| 082 | _a612.67 | ||
| 100 |
_aChopra, Deepak, _eAuthor., |
||
| 245 | 1 | 1 |
_aAgeless body, timeless mind : _ba practical alternative to growing old / _cby Deepak chopra . |
| 250 | _a1st. | ||
| 260 |
_aLondon,: _bRider, _c2003. |
||
| 300 |
_a357p: _c15cm. |
||
| 942 | _cBK | ||
| 999 |
_c4239 _d4239 |
||